Top 20 Cities in the US that have the Most Crime - Statistics

General Stats
  • This quiz has been taken 42 times
  • The average score is 16 of 20
Answer Stats
Hint Answer % Correct
IL Chicago
98%
TX Houston
95%
D.C. Washington
95%
GA Atlanta
93%
LA New Orleans
90%
CO Denver
88%
MI Detroit
88%
TN Nashville
88%
MD Baltimore
85%
OH Cleveland
83%
WI Milwaukee
83%
TN Memphis
80%
MN Minneapolis
80%
MO Kansas
78%
AR Little Rock
76%
MO St Louis
76%
AL Birmingham
71%
CA Oakland
68%
CA San Bernardino
27%
LA Alexandria
20%
No matching quizzes found
Score Distribution
Percent of People with Each Score
Percentile by Number Answered
Your Score History
You have not taken this quiz